Learning form the past (Record no. 84701)

MARC details
000 -LEADER
fixed length control field 00747cab a22001815a 4500
001 - CONTROL NUMBER
control field L158794
008 - FIXED-LENGTH DATA ELEMENTS--GENERAL INFORMATION
fixed length control field 150723e2015 xxk 000 0 eng d
035 ## - SYSTEM CONTROL NUMBER
System control number (Sirsi) u158794
041 0# - LANGUAGE CODE
Language code of text/sound track or separate title eng
100 1# - MAIN ENTRY--PERSONAL NAME
Personal name Hunt, Geoff
245 00 - TITLE STATEMENT
Title Learning form the past
Medium [electronic resource]
490 ## - SERIES STATEMENT
Series statement RICS Building Surveying Journal
Volume/sequential designation July 2015- August 2015, 24-25(2)
520 ## - SUMMARY, ETC.
Summary, etc. Geoff Hunt explains how using a timeline can lead to both an understanding of construction history and the early identification of defects.
651 #4 - SUBJECT ADDED ENTRY--GEOGRAPHIC NAME
Geographic name United Kingdom
Chronological subdivision
690 ## - LOCAL SUBJECT ADDED ENTRY--TOPICAL TERM (OCLC, RLIN)
Topical term or geographic name as entry element Building materials and defects
856 40 - ELECTRONIC LOCATION AND ACCESS
Uniform Resource Identifier <a href="https://www.rics.org/Global/Building_Surveying_Journal_July_August_2015.pdf">https://www.rics.org/Global/Building_Surveying_Journal_July_August_2015.pdf</a>
Public note View the article free of charge at www.rics.org
942 ## - ADDED ENTRY ELEMENTS (KOHA)
Suppress in OPAC 0
Holdings
Withdrawn status Lost status Source of classification or shelving scheme Damaged status Not for loan Home library Current library Shelving location Date acquired Total Checkouts Full call number Barcode Date last seen Copy number Price effective from Koha item type
    Dewey Decimal Classification     London London Journals 23/07/2015   L158794-1001 158794-1001 06/08/2019 1 06/08/2019 Journal article